Acta de la sesión inaugural del Ateneo Balear celebrada en 26 de octubre de 1867. (Record no. 22110)

MARC details
000 -LEADER
campo de control de longitud fija 00728nam a2200193 i 4500
001 - NÚMERO DE CONTROL
campo de control 22110
003 - IDENTIFICADOR DE NÚMERO DE CONTROL
campo de control ES-MaACL
005 - FECHA Y HORA DE LA ÚLTIMA TRANSACCIÓN
campo de control 20230906152623.0
007 - CAMPO FIJO DE DESCRIPCIÓN FÍSICA--INFORMACIÓN GENERAL
campo de control de longitud fija t|
008 - DATOS DE LONGITUD FIJA--INFORMACIÓN GENERAL
campo de control de longitud fija 021212s1867 sp ||||1| spa d
110 2# - ENTRADA PRINCIPAL--NOMBRE DE ENTIDAD CORPORATIVA
Nombre de entidad corporativa o nombre de jurisdicción como elemento de entrada Ateneo Balear.
9 (RLIN) 1843
245 10 - MENCIÓN DEL TÍTULO
Título Acta de la sesión inaugural del Ateneo Balear celebrada en 26 de octubre de 1867.
260 ## - PUBLICACIÓN, DISTRIBUCIÓN, ETC.
Lugar de publicación, distribución, etc. Palma :
Nombre del editor, distribuidor, etc. Ateneo Balear,
Fecha de publicación, distribución, etc. 1867 (
Fabricante Imp. de Pedro José Gelabert)
300 ## - DESCRIPCIÓN FÍSICA
Extensión 23 p. ;
Dimensiones 24 cm.
505 8# - NOTA DE CONTENIDO CON FORMATO
Nota de contenido con formato Contiene: Educad, instruid...: discurso leído en la sesión inaugural del Ateneo Balear en 26 de octubre de 1867 / José Luis Pons
610 24 - PUNTO DE ACCESO ADICIONAL DE MATERIA--NOMBRE DE ENTIDAD CORPORATIVA
Nombre de entidad corporativa o nombre de jurisdicción como elemento de entrada Ateneo Balear-
Subdivisión de forma Discursos de apertura.
9 (RLIN) 169360
700 1# - ENTRADA AGREGADA--NOMBRE PERSONAL
Nombre de persona Pons, José Luis.
9 (RLIN) 92993
852 4# - LOCALIZACIÓN
Ubicación ES-MaACL
Número de control de estantería T-64-F-4
Holdings
Estatus retirado Estado de pérdida Estado de daño No para préstamo Colección Biblioteca de origen Biblioteca actual Ubicación en estantería Fecha de adquisición Fuente de adquisición Total de préstamos Signatura topográfica completa Código de barras Visto por última vez Precio de reemplazo Tipo de ítem Koha
        Colección de folletos Biblioteca del Ateneo de Madrid Biblioteca del Ateneo de Madrid Depósito folletos 17/01/2008     T-64-F-4 1022734 23/02/2023 23/02/2023 Folleto